000 00442nam a2200145Ia 4500
008 231129s1994||||xx |||||||||||||| ||spa||
020 _a84-7583-718-2
040 _bspa
082 _a658.575 A425d
100 _aAllen David
245 0 _aDesarrollo con éxito de nuevos productos: El proceso de nuevos productos orientados al mercado
260 _c1994
264 _aEdiciones Folio
942 _2ddc
_cBKS
999 _c9027
_d9027